1419 1929 1481 1361 1185 1986 1439 1939 1624 1145 1103 1435 1352 1591 1777 1068 1156 1201 1822 1061 1475 1955 1940 1880 1634 1315 1193 1804 1043 1247 1139 1015 1313 1933 1780 1143 1041 1169 1992 1544 1073 1363 1611 1812 1562 1473 1376 1997 1706 1826 1923 1742 1067 1945 1959 1684 1347 1298 1214 1612 1169 1476 1574 1235 1401 1767 1028 1288 1418 1154 1721 1408 1886 1026 1817 1875 1723 1531 1824 1577 1826 1548 1851 1951 1068 1646 1944 1857 1760 1929 1520 1563 1154 1540 1860 1202 1460 1541 1586 BCNSPRNW ULIB Ver.6.0+V

เปลี่ยนเป็นภาษาไทย

Change to English
 แสดงรายละเอียดบรรณานุกรม
  กลับหน้าหลัก

Brief Record : Get Marc (ISO 2709) : E-mail record : QR code < ปิดหน้าต่าง
LEADER : 00000nam 2200000uu 4500
001    13399120220
003     ULIB
008    110301s2545||||th 000 0 tha d
020    9748321959
060 04 QV38^bก581ค
100 0  กำพล ศรีวัฒนกุล
245 10 คู่มือการใช้ยา. ^pฉบับสมบูรณ์ /^cกำพล ศรีวัฒนกุล
250    พิมพ์ครั้งที่ 4
260    ปทุมธานี :^bสกายบุ๊กส์,^c2545
300    700 หน้า :^bภาพประกอบ ;^c26 ซม.
591    LIRV มีปี 2538, 2541
591    LIRA มีปี 2545
650  7 การใช้ยา
650  7 ยา^vคู่มือ
945    ^p480^l0^i016319
995    ทศพร
999 ^a ใช้งานได้ทุกระบบ
รายการนี้ยังไม่มีแท็ก
คุณยังไม่ได้ล็อกอิน คุณสามารถมีกิจกรรมร่วมกับเว็บไซต์ได้ แต่ต้องล็อกอินก่อน ::
  ล็อกอิน

รายการสื่อสารสนเทศ

ลำดับที่ ประเภท เลขเรียก/บาร์โค้ด สถานที่ สถานะ
1. วิทยาศาสตร์การแพทย์ และสุขภาพ
วิทยาศาสตร์การแพทย์ และสุขภาพ
QV38 ก581ค ฉ.1 
  Barcode: 016319
ห้องสมุดวิทยาเขตสวรรค์ประชารักษ์
►หนังสือทั่วไป
บนชั้น

รายการใกล้เคียง
    ผู้แต่ง [กำพล ศรีวัฒนกุล]

    หัวเรื่อง [การใช้ยา]

BibComment


ยังไม่เคยถูกคอมเมนท์

คอมเมนท์ทรัพยากรรายการนี้
  คอมเมนท์: คู่มือการใช้ยา ฉ..


 Copyright 2026. Bcnsprnw @Library